All 100k+ Cities in South Korea with a Map - Statistics

General Stats
  • This quiz has been taken 963 times
  • The average score is 23 of 58
Answers on the Map
Answers color-coded by a green-red scale on the quiz's map according to % correct below.
 
Answer Stats
City Population % Correct
Seoul 9,586,195
100%
Busan 3,179,551
96%
Incheon 2,860,142
90%
Daegu 2,149,687
87%
Jeju 382,296
83%
Gwangju 1,477,573
80%
Gwangju 172,375
80%
Daejeon 1,488,435
78%
Ulsan 910,373
76%
Suwon 1,210,150
62%
Changwon 869,856
49%
Jeonju 666,517
48%
Pohang 328,232
48%
Goyang 1,045,497
46%
Sejong 252,814
46%
Ansan 717,345
44%
Mokpo 224,509
42%
Seongnam 922,025
41%
Bucheon 833,148
39%
Anyang 542,336
38%
Cheongju 671,505
38%
Yongin 920,466
38%
Gangneung 172,201
37%
Gimhae 441,688
37%
Gimpo 340,258
37%
Wonju 268,448
35%
Chuncheon 224,085
34%
Yeosu 220,424
34%
Gyeongju 144,472
32%
Paju 307,544
32%
Iksan 228,600
31%
Gumi 326,913
30%
Namyangju 289,559
30%
Asan 129,633
29%
Cheonan 545,786
29%
Hwaseong 544,627
29%
Jinju 281,071
28%
Pyeongtaek 364,694
28%
Suncheon 185,128
28%
Andong 117,411
27%
Geoje 193,903
27%
Gunsan 233,063
26%
Guri 192,051
25%
Osan 240,645
25%
Uijeongbu 449,572
25%
Chungju 157,130
24%
Siheung 535,147
24%
Gunpo 275,571
23%
Gyeongsan 165,477
23%
Yangju 165,952
23%
Yangsan 174,537
23%
Hanam 279,795
22%
Gwangmyeong 298,116
21%
Jecheon 112,554
19%
Uiwang 160,230
18%
Hwado 114,656
7%
Mulgeum 117,345
7%
Opo 110,503
4%
No matching quizzes found
Score Distribution
Percent of People with Each Score
Percentile by Number Answered
Your Score History
You have not taken this quiz